Target group characteistics : are perceptional modality preferences relevant or instructional material design? (Record no. 77667)

MARC details
000 -CABECERA
campo de control de longitud fija 00656nam a2200217 a 4500
005 - FECHA Y HORA DE LA ÚLTIMA TRANSACCIÓN
campo de control 20210219153451.0
008 - ELEMENTOS DE LONGITUD FIJA--INFORMACIÓN GENERAL
campo de control de longitud fija 991125n 000 0 u
035 ## - NÚMERO DE CONTROL DEL SISTEMA
Número de control de sistema UPN01000101616
100 ## - ASIENTO PRINCIPAL--NOMBRE PERSONAL
Nombre de persona Jaspers, Fons
222 #0 - TÍTULO CLAVE
Título clave EDUCATIONAL MEDIA INTERNATIONAL
245 #0 - MENCIÓN DE TÍTULO
Título Target group characteistics : are perceptional modality preferences relevant or instructional material design?
300 ## - DESCRIPCIÓN FÍSICA
Extensión 235-240
362 ## - FECHAS DE PUBLICACIÓN Y/O DESIGNACIÓN SECUENCIAL
Fecha de publicación y/o designación secuencial 29, No. 4, 1992
505 ## - NOTA DE CONTENIDO CON FORMATO PREESTABLECIDO
Nota de contenido con formato Julio 1993
653 0# - TERMINO DE INDIZACION - NO CONTROLADO
Término no controlado DESARROLLO DEL MATERIAL
653 0# - TERMINO DE INDIZACION - NO CONTROLADO
Término no controlado ENSEÑANZA PROGRAMADA
653 0# - TERMINO DE INDIZACION - NO CONTROLADO
Término no controlado MODALIDADES DE APRENDIZAJE
653 0# - TERMINO DE INDIZACION - NO CONTROLADO
Término no controlado PERCEPCION
904 ## - ELEMENTOS DE DATOS D LOCAL, LDD (RLIN)
a AC
b 039427
905 ## - TIPO DE MATERIAL
Tipo de material Articulo

No items available.